Diario de un seductor

Guardat en:
Dades bibliogràfiques
Autor principal: Kierkegaard, Søren 1813-1855 (autor)
Format: Llibre
Idioma:espanyol
Publicat: Barcelona Ediciones 29 1993
Edició:1a. ed
Col·lecció:Grandes Autores
Matèries:
Etiquetes: Afegir etiqueta
Sense etiquetes, Sigues el primer a etiquetar aquest registre!

MARC

LEADER 00000cam a2200000 a 4500
001 UCE6543
003 CL-VaPUC
008 150416e19930000sp |||||||||||||||||spa|d
020 |a 8471750619 
082 0 4 |a 142.78  |b KIE  |2 21 
100 |a Kierkegaard, Søren   |e autor  |d 1813-1855  |9 579207 
245 1 0 |a Diario de un seductor 
250 |a 1a. ed 
300 |a 143 p 
942 |c BK 
945 |d 20150416 10:41:00  |a arojas 
260 |a Barcelona  |b Ediciones 29  |c 1993 
650 0 |a Existencialismo  |9 265698 
650 0 |a Filosofía danesa  |9 266957 
650 7 |a FILOSOFOS DANESES  |2 CL-VaPUC  |9 450734 
650 7 |a DIARIOS INTIMOS  |2 CL-VaPUC  |9 265378 
583 |a last modification  |c 20150416 10:41:00  |k Rodrigo Vera 
490 0 |a Grandes Autores 
999 |c 358855  |d 358853 
952 |0 0  |1 0  |3 erb  |4 0  |6 142_780000000000000_KIE_1993  |7 0  |8 A  |9 467761  |a BIBEDU  |b BIBEDU  |e Villagrán Garnham, Jorge  |i 5171059  |o 142.78 KIE 1993  |p 5171059  |r 2019-11-23  |w 2019-11-23  |y BK  |z Catalogado en:20150416  |k FIL